000 00389nam a2200157Ia 4500
008 230917s9999||||xx |||||||||||||| ||und||
040 _e119854
_aMAIN
041 _aEnglish
082 _a005.74 E61F
100 _aElmasri, Ramez
245 0 _aFundamentals of database systems
250 _a5th ed.
260 _aNew Delhi
_bPearson Edication
_c2008
300 _a1143 p.
942 _cBK
999 _c142345
_d142345